| 000 | 00337nam a2200109Ia 4500 | ||
|---|---|---|---|
| 008 | 171211s9999 xx 000 0 und d | ||
| 245 | _aDesigning for Performance: Weighing Aesthetics and Speed | ||
| 245 | _cLara Callender Hogan | ||
| 260 | _c2014 | ||
| 650 | _xWeb Development | ||
| 856 | _uhttp://down.ebook777.com/004/978-1491902516.pdf | ||
| 999 |
_c350123 _d350123 |
||